LEADER 01428nam0-22003611i-450 001 990000114460403321 005 20230111123825.0 035 $a000011446 035 $aFED01000011446 035 $a(Aleph)000011446FED01 035 $a000011446 100 $a20020821d1978----km-y0itay50------ba 101 0 $aita 105 $ay-------001yy 200 1 $aFirst international conference on automatic processing of art history data and documents$ePisa, Scuola Normale Superiore, 4-7 september 1978$forganizing institutions, Villa I Tatti ... [et al.] 210 $aPisa$cScuola Normale Superiore$d1978 215 $a2 v.$d27 cm 327 1 $a1.: Programme$a2.: Conference transactions 610 0 $aPatrimonio artistico$aBasi di dati$aCongressi$a1978 610 0 $aPatrimonio culturale$aBasi di dati$aCongressi$a1978 676 $a700.285 710 12$aInternational Conference on automatic processing of art history data and documents,$d1. ;$f<1978 ;$ePisa>$07441 712 02$aVilla I Tatti Firenze 801 0$aIT$bUNINA$gRICA$2UNIMARC 901 $aBK 912 $a990000114460403321 952 $a13 G 06 03$b6190$fFINBC 952 $a701.18 CONV PISA 1978 (1)$bST.ARTE 14085$fFLFBC 952 $a701.18 CONV PISA 1978 (2)$bST.ARTE 14085$fFLFBC 959 $aFINBC 959 $aFLFBC 996 $aFirst international conference on automatic processing of art history data and documents$9115194 997 $aUNINA LEADER 01045nam a2200265 i 4500 001 991004358433107536 005 20241223152758.0 008 241223s19851986it af fr 001 0 ita d 020 $a8870056600 (v. 1) 020 $a8870056937 (v. 2) 040 $aBibl. Dip.le Aggr. Ingegneria Innovazione - Sez. IngegneriaInnovazione$beng$cSocioculturale Scs 041 0 $aita 082 04$a553.79$223 245 02$aL'acqua nel sottosuolo /$ca cura del CAST, Centro per un apprppriato sviluppo tecnologico 260 $aMilano :$bClup,$c1985-1986 [reprinted 1988-1989] 300 $avolumes :$bill. ;$c24 cm 490 1 $aQuaderni del COSV sulle tecnologie appropriate 505 00$gVol. 1. -$g1985 [reprinted 1988]. -$g102 p. 505 00$gVol. 2. -$g1986 [reprinted 1989]. -$g191 p., [3] leaves of plates. 650 4$aGroundwater 710 2 $aCentro per un appropriato sviluppo tecnologico 830 0$aQuaderni del COSV sulle tecnologie appropriate 912 $a991004358433107536 996 $aAcqua nel sottosuolo$9360265 997 $aUNISALENTO